000 00347nam a2200145Ia 4500
008 230917s9999||||xx |||||||||||||| ||und||
040 _e46739
_aMAIN
041 _aEnglish
082 _a822.33 S15R
100 _aWalter, JH, ed
245 0 _aRome and Juliet
260 _aLondon
_bHeinemann Educational
_c1967
300 _a257 p.
942 _cBK
999 _c197919
_d197919